Sports Quiz

Random Sports Quiz

F1 Number 7 Drivers Quiz Stats

 Plays Quiz not verified by Sporcle

Score 0/36 Timer 10:00
0 Plays Today
Flag Driver % Correct
🇩🇪Ralf Schumacher
96.4%
🇩🇪Michael Schumacher
96.4%
🇨🇦Jacques Villeneuve
92.9%
🇩🇪Nico Rosberg
92.9%
🇪🇸Fernando Alonso
92.9%
🇫🇮Kimi Raikkonen
92.9%
🇮🇹Giancarlo Fisichella
89.3%
🇮🇹Jarno Trulli
89.3%
🇧🇷Felipe Massa
89.3%
🇫🇮Mika Hakkinen
85.7%
🇬🇧David Coulthard
85.7%
🇬🇧Damon Hill
85.7%
🇬🇧Jenson Button
85.7%
🇫🇮Heikki Kovalainen
85.7%
🇩🇪Nick Heidfeld
82.1%
🇫🇷Alain Prost
78.6%
🇬🇧Eddie Irvine
78.6%
🇦🇺Mark Webber
78.6%
Flag Driver % Correct
🇧🇷Nelson Piquet
75%
🇺🇸Michael Andretti
75%
🇫🇷Jean Alesi
75%
🇬🇧Mark Blundell
67.9%
🇬🇧Nigel Mansell
67.9%
🇬🇧Martin Brundle
64.3%
🇦🇺David Brabham
64.3%
🇧🇷Luciano Burti
64.3%
🇦🇷Carlos Reutemann
60.7%
🇬🇧John Watson
57.1%
🇮🇹Riccardo Patrese
57.1%
🇬🇧James Hunt
53.6%
🇫🇷Philippe Alliot
53.6%
🇮🇹Stefano Modena
39.3%
🇩🇪Rolf Stommelen
32.1%
🇨🇭Gregor Foitek
32.1%
🇦🇺Larry Perkins
25%
🇧🇪Eric van de Poele
25%

You're not logged in!

Compare scores with friends on all Sporcle quizzes.
OR
Log In

Sporcle TV

Today on Sporcle TV


Watch our educational content, quiz creation guides, and fun videos on Sporcle TV.

Show Comments

Extras

Created Sep 25, 2019ReportNominate
Tags:1974, car, driver, team

Top Quizzes Today


Score Distribution

Your Account Isn't Verified!

In order to create a playlist on Sporcle, you need to verify the email address you used during registration. Go to your Sporcle Settings to finish the process.

Report this User

Report this user for behavior that violates our Community Guidelines.

Details: